| 000 | 00663nam a22002537a 4500 | ||
|---|---|---|---|
| 001 | 14463 | ||
| 003 | BD-JhCC | ||
| 005 | 20251201110451.0 | ||
| 008 | 251201b |||||||| |||| 00| 0 eng d | ||
| 020 | _a9780141398778 | ||
| 035 | _a(BD-JhCC) 14463 | ||
| 040 |
_aBD-JhCC _dBD-JhCC |
||
| 041 | _aeng | ||
| 082 |
_223 _a935.03 _bHER |
||
| 100 | _aHerodotus | ||
| 245 |
_aThe madness of Cambyses / _cHerodotus |
||
| 260 |
_aUK: _bPenguin Classics, _c2015 |
||
| 300 |
_a54p.; _c17 cm. _epaper |
||
| 490 |
_aPenguin Little Black Classics _vno-78 |
||
| 650 | _aHistory | ||
| 650 | _aIran History To 640 Early works to 1800 | ||
| 942 |
_2ddc _cBK |
||
| 999 |
_c14463 _d14463 |
||